000 00632nam a2200241Ia 4500
003 OSt
005 20220918223327.0
006 a|||||r|||| 00| 0
007 ta
008 220917b |||||||| |||| 00| 0 eng d
024 _a221,954
037 _cTextual
040 _aARTS
_cARTS
_beng
041 _2eng
_aeng
082 _aQ43, P4
100 _aPaine Jeffery
_9143656
245 0 _aRe-enchantment
_b Tibetan Buddhism comes to the West
260 _aNew York
_bW.W.Norton
_c2004
300 _a278p
_ccm.
650 _aRELIGION
942 _hQ43, P4
_cTEXL
_2CC
999 _c278148
_d278148